[Event "Open"]
[Site "Condom FRA"]
[Date "2009.07.17"]
[Round "8"]
[White "Manolache,M"]
[Black "Inkiov,V"]
[Result "1-0"]
[WhiteElo "2479"]
[BlackElo "2473"]

1.d4 Nf6 2.Bg5 c5 3.d5 Ne4 4.Bf4 Qb6 5.Bc1 e6 6.f3 Nf6 7.e4 exd5 8.exd5 d6
9.Ne2 Be7 10.Nec3 O-O 11.Nd2 Nh5 12.Nc4 Qd8 13.Bd3 Bh4+ 14.g3 Re8+ 15.Kf2 Bf6
16.Re1 Bh3 17.Rxe8+ Qxe8 18.Be3 Bxc3 19.bxc3 Qe7 20.Rb1 Na6 21.Qd2 Re8 22.Bg5 f6
23.Bf4 g5 24.Bxd6 Qd7 25.a4 Ng7 26.g4 h5 27.gxh5 Nf5 28.Bxf5 Bxf5 29.Bg3 b6
30.Nd6 Rd8 31.Re1 Bh7 32.Qe2 Nc7 33.c4 Kf8 34.h4 gxh4 35.Bf4 Kg8 36.Qe7 Qxe7
37.Rxe7 Na6 38.Ne8 Kf8 39.d6  1-0

[Event "Corporation Centre Cup"]
[Site "Izhevsk RUS"]
[Date "2009.07.17"]
[Round "3"]
[White "Glidzhain,G"]
[Black "Grebionkin,Vl"]
[Result "1/2-1/2"]
[WhiteElo "2285"]
[BlackElo "2426"]

1.d4 Nf6 2.Bg5 d5 3.Bxf6 exf6 4.c4 c5 5.Nc3 cxd4 6.Qxd4 dxc4 7.Qxd8+ Kxd8
8.O-O-O+ Kc7 9.e4 Be6 10.Nd5+ Bxd5 11.Rxd5 Nd7 12.Nf3 Nb6 13.Rd2 Re8 14.Nd4 Bc5
15.Bxc4 Nxc4 16.Rc2 b5 17.Nxb5+ Kb6 18.Nc3 Rc8 19.Nd5+ Kb5 20.a4+ Kxa4 21.Rxc4+ Kb5
22.Rc2 Bd4 23.f3 Be5 24.f4 Bb8 25.Rd1 Rxc2+ 26.Kxc2 h5 27.Kd3 Rc8 28.Ra1 a5
29.g3 Bd6 30.Nc3+ Kb6 31.Rc1 Kb7 32.Ra1 Kb6 33.Rc1 Kb7 34.Rc2 Rd8 35.Kc4 Rc8+
36.Kb3 Bb4 37.Rd2 Bxc3 38.bxc3 a4+ 39.Kb4 Ra8 40.Ra2 Re8 41.Kxa4 Rxe4+ 42.Kb5 h4
43.c4 hxg3 44.hxg3 Re3 45.Rg2 f5 46.Kc5 Kc7 47.Kd4 Re4+ 48.Kd5 Re3 49.Ra2 Kb7
50.Rg2 Kc7 51.g4 fxg4 52.Rxg4 g6 53.f5 gxf5 54.Rf4 Re6 55.Rxf5 Rd6+ 56.Kc5 Rc6+
57.Kb4 Rb6+ 58.Kc3 f6 59.c5 Rc6  1/2-1/2

[Event "Open"]
[Site "Rethymno GRE"]
[Date "2009.07.17"]
[Round "7"]
[White "Zubarev,Al1"]
[Black "Markidis,K"]
[Result "1/2-1/2"]
[WhiteElo "2548"]
[BlackElo "2334"]

1.d4 Nf6 2.Bg5 c5 3.Bxf6 gxf6 4.d5 Qb6 5.Qc1 Bh6 6.e3 d6 7.g3 Nd7 8.Bg2 f5
9.Ne2 Nf6 10.Nd2 Bd7 11.a4 O-O 12.O-O Qc7 13.c4 e5 14.Qc2 Rae8 15.Nf3 Qc8
16.Kh1 Kh8 17.Rae1 Rg8 18.b3 a6 19.a5 Rg7 20.Qb2 Reg8 21.Nh4 Bg5 22.Nf3 Bh6
23.Nd2 Ng4 24.Qc3 Bg5 25.f4  1/2-1/2

[Event "32nd Taminco Open"]
[Site "Ghent BEL"]
[Date "2009.07.19"]
[Round "3"]
[White "Docx,S"]
[Black "Saligo,Lu"]
[Result "1-0"]
[WhiteElo "2384"]
[BlackElo "2151"]

1.d4 Nf6 2.Bg5 c5 3.d5 d6 4.Nc3 g6 5.e4 Bg7 6.Qd2 a6 7.a4 h6 8.Be3 Nbd7 9.h3 Qa5
10.Ra2 g5 11.Nf3 Ne5 12.Nxe5 dxe5 13.Bd3 Bd7 14.f3 Nh5 15.Ne2 Qc7 16.Qc3 Rc8
17.g4 c4 18.Qxc4 Qxc4 19.Bxc4 Rxc4 20.b3 Rc8 21.gxh5 b5 22.axb5 axb5 23.h4 Bf6
24.hxg5 Bxg5 25.Bxg5 hxg5 26.Nc1 f6 27.Kd2 g4 28.fxg4 Bxg4 29.h6 Bd7 30.Nd3 O-O
31.Ra7 Rfd8 32.Rg1+ Kh7 33.Rg7+ Kxh6 34.Rxe7 Be8 35.Rh7+ Kg5 36.Ra1 f5 37.Rg1+ Kf6
38.Rh6+ Ke7 39.Re6+ Kf8  1-0

[Event "13th Battle of Senta Open A"]
[Site "Senta SRB"]
[Date "2009.07.19"]
[Round "2"]
[White "Popovic,Milo2"]
[Black "Bojovic,D"]
[Result "1/2-1/2"]
[WhiteElo "2423"]
[BlackElo "2286"]

1.d4 Nf6 2.Bg5 c5 3.d5 Ne4 4.Bf4 Qb6 5.Nd2 Qxb2 6.Nxe4 Qb4+ 7.c3 Qxe4 8.e3 d6
9.Nf3 Qf5 10.a4 g6 11.Bd3 Qf6 12.Qb3 Nd7 13.Nd2 Bg7 14.Ne4 Qh4 15.O-O O-O
16.Bg5 Qh5 17.Qc2 Nf6 18.Be2 Bg4 19.Bxf6 Bxf6 20.f3 Bd7 21.Nxf6+ exf6 22.e4 Qe5
23.f4 Qe7 24.Bd3 b6  1/2-1/2

[Event "Najdorf Mem Open"]
[Site "Warsaw POL"]
[Date "2009.07.19"]
[Round "2"]
[White "Nguyen,P"]
[Black "Dziuba,M"]
[Result "0-1"]
[WhiteElo "2368"]
[BlackElo "2562"]

1.d4 Nf6 2.Bg5 d5 3.e3 c5 4.Bxf6 gxf6 5.Ne2 Nc6 6.Nbc3 e6 7.g3 cxd4 8.exd4 f5
9.Qd2 Bg7 10.Na4 b6 11.c3 Ba6 12.b3 Rc8 13.Nb2 O-O 14.Bg2 Bxe2 15.Kxe2 b5
16.Nd3 a5 17.Rhc1 b4 18.cxb4 axb4 19.Nxb4 Nxd4+ 20.Kd1 Qb6 21.Rxc8 Rxc8 22.Rc1 Rxc1+
23.Kxc1 Qc5+ 24.Kd1 Nb5 25.Nd3 Qa3 26.Nc1 Nc3+ 27.Ke1 h6 28.Kf1 Qa6+ 29.Ke1 Nb1
30.Qd3 Qa5+ 31.Kf1 Nd2+ 32.Ke2 Ne4 33.Qc2 Qa6+ 34.Qd3 Qc6 35.Bxe4 fxe4 36.Qb1 Qa6+
37.Ke3 f5 38.b4 d4+ 39.Kd2 Qf1 40.Qb3 Qxf2+ 41.Ne2 d3  0-1

[Event "Politiken Cup"]
[Site "Helsingor DEN"]
[Date "2009.07.20"]
[Round "4"]
[White "Dalberg,P"]
[Black "Carlstedt,J"]
[Result "0-1"]
[WhiteElo "2088"]
[BlackElo "2309"]

1.d4 Nf6 2.Bg5 d5 3.Bxf6 exf6 4.e3 Be6 5.Nd2 f5 6.Bd3 Bd6 7.Qf3 g6 8.Ne2 Nd7
9.h4 Nf6 10.Nf4 Ne4 11.Nxe6 fxe6 12.Bxe4 dxe4 13.Qe2 Qe7 14.Nc4 O-O-O 15.g3 h6
16.O-O-O Qe8 17.f4 exf3 18.Qxf3 Qa4 19.Nxd6+ Rxd6 20.Kb1 Rhd8 21.b3 Qa3 22.c4 a5
23.Rh2 c5 24.d5 Qb4 25.Rc1 exd5 26.Rhc2 d4 27.exd4 Rxd4 28.h5 Rd3 29.Qf4 Qb6
30.Qxh6 Rxg3 31.hxg6 Rxg6 32.Qf4 Qe6 33.Rf1 Rf6 34.Rh2 Rf7 35.Rhf2 Rd4 36.Qf3 f4
37.Re2 Qf5+ 38.Kb2 Rfd7 39.Rff2 Qf6 40.Ka3 a4 41.Qh5 Rxc4 42.Re8+ Kc7 43.Qe5+ Qxe5
44.Rxe5 axb3 45.axb3 Rd3 46.Ka2 Rc1 47.Rf5 Kc6 48.R5xf4 Kb5 49.Rg4 Ka5 50.Ra4+ Kb5
51.Rg4 b6 52.Rgf4 Rcc3 53.Rb2 Rd4 54.Rf5 Kb4 55.Rf1 Rd8 56.Rf6 Ra8+ 57.Kb1 Kb5
58.Rf4 Ra3 59.b4 c4 60.Rf5+ Ka4 61.Rf6 Kb5 62.Rf5+ Ka6 63.Rf8 Rab3 64.Rf4 Kb5
65.Ka2 Rxb2+ 66.Kxb2 Kxb4  0-1

[Event "13th Battle of Senta Open A"]
[Site "Senta SRB"]
[Date "2009.07.20"]
[Round "4"]
[White "Radovanovic,D"]
[Black "Gonda,L"]
[Result "1/2-1/2"]
[WhiteElo "2312"]
[BlackElo "2499"]

1.d4 Nf6 2.Bg5 d5 3.Bxf6 gxf6 4.c4 c5 5.cxd5 Qxd5 6.Nf3 cxd4 7.Nc3 Qa5 8.Nxd4 Bd7
9.e3 Nc6 10.Bc4 Nxd4 11.exd4 Rc8 12.Bb3 Rg8 13.Qf3 Qf5 14.Qxf5 Bxf5 15.O-O e6
16.Rfe1 Bb4 17.Rac1 Bxc3 18.Rxc3 Rxc3 19.bxc3 Ke7 20.Re3 b5 21.f4 a5 22.a3 Rd8
23.d5 Kd6 24.dxe6 fxe6 25.Kf2 Rc8  1/2-1/2

[Event "XXVII Andorra Open"]
[Site "Arinsal AND"]
[Date "2009.07.21"]
[Round "4"]
[White "Wegerle,J"]
[Black "Spraggett,K"]
[Result "1/2-1/2"]
[WhiteElo "2430"]
[BlackElo "2606"]

1.d4 Nf6 2.Bg5 d5 3.Bxf6 exf6 4.e3 Bd6 5.c4 dxc4 6.Bxc4 O-O 7.Nc3 a6 8.Qf3 c5
9.Nge2 cxd4 10.Nxd4 Nd7 11.Qe2 Ne5 12.Bb3 Bd7 13.O-O Qa5 14.h3 Rad8 15.Rfd1 Ng6
16.Nf3 Bb8 17.Rd4 Bc8 18.Nd5 Be6 19.Rad1 Rc8 20.Qd2 Qxd2 21.R1xd2 Ba7 22.Nc3 Rfe8
23.Bxe6 fxe6 24.Rd7 Rb8 25.Na4 Nf8 26.Rc7 e5 27.Kf1 Ne6 28.Rcd7 Nf8 29.Rc7 Ne6
30.Rcd7 Nf8  1/2-1/2

[Event "Politiken Cup"]
[Site "Helsingor DEN"]
[Date "2009.07.21"]
[Round "5"]
[White "Meier,L"]
[Black "Porte,H"]
[Result "1/2-1/2"]
[WhiteElo "1888"]
[BlackElo "2115"]

1.d4 Nf6 2.Bg5 d5 3.e3 c6 4.c3 Bf5 5.f4 Qb6 6.Qb3 Ng4 7.Ke2 Qa6+ 8.Ke1 Qb6
9.Ke2 Nd7 10.Qxb6 axb6 11.Nd2 h6 12.Bh4 Ngf6 13.Ngf3 e6 14.h3 h5 15.Kf2 b5
16.Ne1 Be7 17.Bxf6 gxf6 18.Bd3 Bxd3 19.Nxd3 Bd6 20.Nf3 Kd8 21.Rhe1 Kc7 22.a3 b6
23.g3 Rhg8 24.e4 dxe4 25.Rxe4 c5 26.Rg1 Kc6 27.Nh4 Kd5 28.Re3 cxd4 29.cxd4 Rac8
30.Nf3 Rc2+ 31.Re2 Rxe2+ 32.Kxe2 Nb8 33.Nf2 Rc8 34.Kd3 Nd7 35.Nd1 Kc6 36.Nc3 Rg8
37.Ne4 Be7 38.g4 hxg4 39.hxg4 b4 40.axb4 Bxb4 41.Nf2 Bd6 42.Ke4 f5+ 43.gxf5 Nf6+
44.Kd3 Rxg1 45.Nxg1 exf5 46.Nfh3 Nd5 47.Nf3 Nxf4+ 48.Nxf4 Bxf4 49.Nh4 Bc1
50.Kc2 Bg5 51.Nxf5 Kd5 52.Kd3 Bf6  1/2-1/2

[Event "2nd Open"]
[Site "Paleohora GRE"]
[Date "2009.07.21"]
[Round "1"]
[White "Stefanova,A"]
[Black "Haldaiakis,V"]
[Result "1-0"]
[WhiteElo "2535"]
[BlackElo "1795"]

1.d4 Nf6 2.Bg5 d5 3.e3 Nbd7 4.Nf3 g6 5.c4 c6 6.Nc3 Bg7 7.cxd5 cxd5 8.Bd3 O-O
9.O-O Nb6 10.h3 Be6 11.Qb3 Rc8 12.Bf4 Ne4 13.a4 Nxc3 14.bxc3 a6 15.Rfb1 Rc6
16.a5 Nd7 17.Qxb7 Rxc3 18.Bxa6 Bf5 19.Rb2 Qa8 20.Qb4 Qc6 21.Bb7 Rc1+ 22.Kh2 Qc3
23.Qxc3 Rxc3 24.a6 Rc2 25.Rxc2 Bxc2 26.Bc7 Nc5 27.dxc5 Bxa1 28.a7 e6 29.Bb8  1-0

[Event "13th Battle of Senta Open A"]
[Site "Senta SRB"]
[Date "2009.07.21"]
[Round "5"]
[White "Petrusic,G"]
[Black "Ujhazi,M"]
[Result "0-1"]
[WhiteElo "1943"]
[BlackElo "2122"]

1.d4 d5 2.Bg5 Nf6 3.Bxf6 gxf6 4.e3 Bf5 5.Bd3 Bg6 6.f4 f5 7.Nd2 f6 8.Ngf3 e6
9.c3 Nd7 10.Qc2 Rg8 11.Nh4 c5 12.O-O-O c4 13.Nxc4 dxc4 14.Bxc4 Bf7 15.Qb3 Qb6
16.Qa4 O-O-O 17.g3 Qc7 18.Qb3 Re8 19.Rhe1 Nb6 20.Bd3 Kb8 21.Qc2 Nd5 22.Kb1 Qa5
23.e4 fxe4 24.Bxe4 Rc8 25.Rc1 e5 26.Bxd5 Bxd5 27.b4 Qb6 28.fxe5 Bxb4 29.Qb2 Bxc3
30.Qxb6 axb6 31.Rxc3 Rxc3 32.exf6 Rgc8 33.Nf5 R8c4 34.Nd6 Rb4+ 35.Ka1 Rc2
36.Re8+ Ka7 37.Nc8+ Ka6 38.Nd6 Rxa2+  0-1

[Event "13th Battle of Senta Open A"]
[Site "Senta SRB"]
[Date "2009.07.22"]
[Round "6"]
[White "Popovic,Milo2"]
[Black "Sarenac,I"]
[Result "0-1"]
[WhiteElo "2423"]
[BlackElo "2341"]

1.d4 Nf6 2.Bg5 d5 3.e3 c5 4.Bxf6 gxf6 5.dxc5 e6 6.Nc3 Bxc5 7.Qh5 f5 8.O-O-O Nd7
9.Bb5 a6 10.Bxd7+ Bxd7 11.e4 fxe4 12.Nxe4 Be7 13.Qe5 O-O 14.Rd3 f6 15.Qh5 Qe8
16.Qh6 Kh8 17.Ng3 Rg8 18.Nf3 Rc8 19.Re1 Qf7 20.Qf4 Qg6 21.Qd2 Rge8 22.Kb1 Bb5
23.Rd4 e5 24.Rh4 Rxc2 25.Qh6 Rc1+  0-1

[Event "Dutch Open"]
[Site "Dieren NED"]
[Date "2009.07.23"]
[Round "3"]
[White "Den Heeten,D"]
[Black "Timmermans,M"]
[Result "1-0"]
[WhiteElo "2321"]
[BlackElo "2125"]

1.d4 Nf6 2.Bg5 d5 3.e3 c5 4.Bxf6 gxf6 5.c3 Nc6 6.Nd2 e5 7.dxc5 Bxc5 8.Nb3 Be7
9.Qh5 Be6 10.Bd3 Qb6 11.Bf5 Bxf5 12.Qxf5 a5 13.O-O-O a4 14.Na1 Qc5 15.Ne2 Qc4
16.Qd3 Ra5 17.Kb1 Qg4 18.Ng3 Nd8 19.b4 axb3 20.Nxb3 Rxa2 21.Qb5+  1-0

[Event "zt 3.3"]
[Site "Ho Chi Minh City VIE"]
[Date "2009.07.23"]
[Round "2"]
[White "Nguyen Hung Cuong"]
[Black "Tran Thanh Tu"]
[Result "0-1"]
[WhiteElo "2035"]
[BlackElo "2258"]

1.d4 Nf6 2.Bg5 c5 3.Bxf6 gxf6 4.d5 Bh6 5.e3 Qb6 6.b3 f5 7.c3 Qf6 8.Nf3 e5
9.g3 f4 10.e4 d6 11.Be2 Na6 12.Nh4 Bg5 13.Bg4 Bxh4 14.Bxc8 Rxc8 15.Qg4 Ke7
16.gxh4 Rcg8 17.Qh3 h5 18.f3 Rg6 19.Nd2 Rhg8 20.Kf2 Qg7 21.Raf1 b5 22.Ke2 Nc7
23.c4 a6 24.a4 Rb8 25.axb5 axb5 26.Ra1 Rg2+ 27.Kd3 f5 28.Rhb1 fxe4+ 29.Nxe4 Qg6
30.Kc3 Kd8 31.Kd3 Rb6 32.Kc3 Na6 33.cxb5 Nc7 34.Kc4 Rxb5 35.b4 cxb4 36.Ra8+ Nxa8
37.Kxb5 Nc7+ 38.Kc4 Rc2+ 39.Kd3 Rc3+ 40.Kd2 Qxe4  0-1

[Event "2nd Open"]
[Site "Paleohora GRE"]
[Date "2009.07.24"]
[Round "5"]
[White "Stavrianakis,I"]
[Black "Bellia,F"]
[Result "1/2-1/2"]
[WhiteElo "2240"]
[BlackElo "2414"]

1.d4 Nf6 2.Bg5 d5 3.Bxf6 gxf6 4.Nf3 c5 5.c4 dxc4 6.e3 Nc6 7.d5 Na5 8.Bxc4 Nxc4
9.Qa4+ Bd7 10.Qxc4 b5 11.Qe4 f5 12.Qc2 Bg7 13.Nbd2 c4 14.O-O O-O 15.Rad1 Qa5
16.Nd4 Bxd4 17.exd4 Qb6 18.Rfe1 Rfe8 19.Nf3 Qd6 20.Nh4 Qf6 21.g3 Rad8 22.Re5 e6
23.dxe6 fxe6 24.Ng2 Bc6 25.Qe2 Bxg2 26.Kxg2 a6 27.Qe3 Rd6 28.Re1 Red8 29.Rxe6 Rxe6
30.Qxe6+ Qxe6 31.Rxe6 Rxd4 32.Rxa6 Rd2 33.a4 Rxb2  1/2-1/2

[Event "13th Battle of Senta Open A"]
[Site "Senta SRB"]
[Date "2009.07.24"]
[Round "8"]
[White "Popovic,Milo2"]
[Black "Sarenac,D"]
[Result "1-0"]
[WhiteElo "2423"]
[BlackElo "2227"]

1.d4 Nf6 2.Bg5 d5 3.Bxf6 exf6 4.e3 Bd6 5.c4 dxc4 6.Bxc4 O-O 7.Nc3 c6 8.Qc2 Nd7
9.Bd3 g6 10.Nf3 f5 11.h3 Nf6 12.O-O-O Qe7 13.Rdg1 b5 14.g4 fxg4 15.hxg4 b4
16.g5 Ne8 17.Ne4 Kg7 18.Ne5 Bxe5 19.dxe5 Qxe5 20.f4 Qe7 21.Rxh7+  1-0

[Event "Najdorf Mem GMA"]
[Site "Warsaw POL"]
[Date "2009.07.24"]
[Round "7"]
[White "Krasenkow,M"]
[Black "Wojtaszek,R"]
[Result "1/2-1/2"]
[WhiteElo "2631"]
[BlackElo "2637"]

1.d4 Nf6 2.Bg5 d5 3.e3 c5 4.Bxf6 gxf6 5.c4 cxd4 6.exd4 Nc6 7.Nc3 dxc4 8.Nf3 Bg7
9.Bxc4 O-O 10.h3 e5 11.dxe5 Nxe5 12.Bd5 Nxf3+ 13.Qxf3 Re8+ 14.Kf1 f5 15.g3 Qb6
16.Kg2 Qxb2 17.Rac1 Be6 18.Bxb7 Rab8 19.Bc6 Red8 20.Nd5 Kh8 21.Ne3 Bh6 22.Rcd1 Qc3
23.Rc1 Qb2 24.Rc2 Qa3 25.Re1 Rd3 26.Qe2 Bxe3 27.fxe3 Qd6 28.Bf3 Rg8 29.Qf2 f4
30.exf4 Qxf4 31.Bg4 Qxf2+ 32.Kxf2 Bxg4  1/2-1/2

[Event "zt 3.3"]
[Site "Ho Chi Minh City VIE"]
[Date "2009.07.25"]
[Round "4"]
[White "Nguyen Hung Cuong"]
[Black "Le Minh Hoang"]
[Result "1-0"]
[WhiteElo "2035"]
[BlackElo "1941"]

1.d4 d5 2.Bg5 Nf6 3.Bxf6 gxf6 4.e3 Bf5 5.c4 c6 6.Nc3 e6 7.Nf3 Bd6 8.Qb3 Qb6
9.c5 Qxb3 10.axb3 Bc7 11.b4 Ke7 12.Nh4 Bg6 13.Nxg6+ hxg6 14.g3 Nd7 15.b5 e5
16.Bd3 f5 17.b4 f4 18.Kd2 Nf6 19.bxc6 bxc6 20.gxf4 exd4 21.Ne2 Ng4 22.Nxd4 Nxf2
23.Rhe1 Nxd3 24.Kxd3 Kd7 25.Re2 a6 26.Rea2 Rh3 27.Rxa6 Re8 28.Re1 Bxf4 29.Ra7+ Bc7
30.b5 Kc8 31.bxc6 f5 32.Ra8+ Bb8 33.Nb5 Re7 34.c7 Rxc7 35.Nxc7 Kxc7 36.Rb1 Rh8
37.Kd4 Rd8 38.Rbxb8  1-0

[Event "zt 3.3"]
[Site "Ho Chi Minh City VIE"]
[Date "2009.07.25"]
[Round "4"]
[White "Bui Vinh"]
[Black "Chan Yi Ren,D"]
[Result "1-0"]
[WhiteElo "2517"]
[BlackElo "2358"]

1.d4 Nf6 2.Bg5 c5 3.Bxf6 gxf6 4.e3 Qb6 5.Nc3 d6 6.Bb5+ Bd7 7.a4 cxd4 8.exd4 Qa5
9.Ne2 Bg7 10.O-O O-O 11.Nd5 e6 12.b4 Qd8 13.Ndf4 f5 14.Ra3 Kh8 15.Rh3 Bxb5
16.axb5 Nd7 17.d5 e5 18.Nh5 Nf6 19.Neg3 Rg8 20.Nxf5 Bf8 21.Qf3 Nd7 22.Nhg3 Rg6
23.Nh4 Rg7 24.Nh5 Rg5 25.Rg3 f6 26.Nxf6 Be7 27.Rxg5 Bxf6 28.Rh5 Bxh4 29.Qh3  1-0

[Event "2nd Open"]
[Site "Paleohora GRE"]
[Date "2009.07.25"]
[Round "6"]
[White "Ignatiadis,K"]
[Black "Ashwin,J"]
[Result "1/2-1/2"]
[WhiteElo "2227"]
[BlackElo "2425"]

1.d4 Nf6 2.Bg5 c5 3.Bxf6 gxf6 4.d5 Qb6 5.Qc1 f5 6.c4 Bh6 7.e3 f4 8.exf4 Bxf4
9.Qxf4 Qxb2 10.Ne2 Qxa1 11.Nc3 d6 12.Qd2 Rg8 13.g3 a6 14.Bd3 b5 15.cxb5 axb5
16.Bxb5+ Bd7 17.Bd3 Ra7 18.O-O Rb7 19.Qh6 Qb2 20.Qxh7 Rf8 21.Re1 Qb4 22.Re4 Qb2
23.Re1 Qb4 24.Re4 Qb2 25.Re1 Qb4  1/2-1/2

[Event "Czech Open A"]
[Site "Pardubice CZE"]
[Date "2009.07.25"]
[Round "2"]
[White "Paci,C"]
[Black "Kovac,A"]
[Result "1/2-1/2"]
[WhiteElo "2325"]
[BlackElo "2126"]

1.d4 Nf6 2.Bg5 d5 3.e3 g6 4.Nd2 Bg7 5.Bd3 O-O 6.f4 b6 7.Ngf3 Ba6 8.Bxa6 Nxa6
9.O-O c5 10.Ne5 Rc8 11.c3 Nb8 12.Qf3 Ne4 13.Nxe4 dxe4 14.Qh3 f6 15.Qe6+ Kh8
16.f5 fxg5 17.fxg6 Bxe5 18.Qh3 Rxf1+ 19.Rxf1 Qg8 20.dxe5 Rd8 21.Qh6 Qxg6
22.Rf8+ Rxf8 23.Qxf8+ Qg8 24.Qxe7 Qg7 25.Qd8+ Qg8 26.Qf6+ Qg7 27.Qd8+ Qg8
28.Qf6+ Qg7  1/2-1/2

[Event "XXIV Rapid"]
[Site "Villarrobledo ESP"]
[Date "2009.07.25"]
[Round "1"]
[White "Shirov,A"]
[Black "Orosa Martinez,V"]
[Result "1-0"]
[WhiteElo "2732"]
[BlackElo "2054"]

1.d4 Nf6 2.Bg5 c5 3.Bxf6 gxf6 4.d5 Qb6 5.Qc1 f5 6.g3 Bg7 7.c3 d6 8.Nf3 Nd7
9.Bg2 Nf6 10.Nh4 Bd7 11.O-O e6 12.Nd2 Qc7 13.Qc2 O-O 14.Rad1 Rad8 15.Rfe1 b5
16.e4 fxe4 17.Nxe4 Nxd5 18.Rxd5 exd5 19.Ng5 f5 20.Bxd5+ Kh8 21.Qe2 Rde8 22.Qh5  1-0

[Event "Politiken Cup"]
[Site "Helsingor DEN"]
[Date "2009.07.26"]
[Round "10"]
[White "Noer,M"]
[Black "Hagen,T"]
[Result "1-0"]
[WhiteElo "1981"]
[BlackElo "1716"]

1.d4 Nf6 2.Bg5 d5 3.Bxf6 exf6 4.e3 Bd6 5.c4 dxc4 6.Bxc4 O-O 7.Nc3 Nd7 8.Qh5 Nb6
9.Bd3 h6 10.Nge2 Bb4 11.Rc1 Be6 12.a3 Qd5 13.Qh4 Bxc3+ 14.Rxc3 Na4 15.Rc2 Qxg2
16.Rg1 Qh3 17.Qe4 f5 18.Qe5 g5 19.Rg3 Qh4 20.d5 Bxd5 21.Qxf5  1-0

[Event "zt 3.3"]
[Site "Ho Chi Minh City VIE"]
[Date "2009.07.26"]
[Round "5"]
[White "Duong The Anh"]
[Black "Dao Thien Hai"]
[Result "1/2-1/2"]
[WhiteElo "2440"]
[BlackElo "2552"]

1.d4 Nf6 2.Bg5 d5 3.Bxf6 gxf6 4.c4 c6 5.e3 e6 6.Nc3 dxc4 7.Bxc4 Rg8 8.Qf3 Nd7
9.Nge2 f5 10.h3 Qg5 11.g3 Nf6 12.O-O-O Bd7 13.Kb1 O-O-O 14.Rc1 Kb8 15.a3 Bd6
16.Rhd1 Rc8 17.Nf4 Qh6 18.Bf1 Rc7  1/2-1/2

[Event "Czech Open A"]
[Site "Pardubice CZE"]
[Date "2009.07.26"]
[Round "3"]
[White "Chernyshov,K"]
[Black "Lahiri,A"]
[Result "0-1"]
[WhiteElo "2555"]
[BlackElo "2361"]

1.d4 Nf6 2.Bg5 c5 3.Bxf6 gxf6 4.c3 Qb6 5.Qd2 d5 6.e3 e5 7.Nf3 Nc6 8.Be2 Rg8
9.O-O Bh3 10.Nh4 cxd4 11.exd4 O-O-O 12.Rd1 Ne7 13.Qd3 Qe6 14.Kf1 Bg4 15.Nd2 Bh6
16.f3 Bf5 17.Qb5 Bg5 18.Nxf5 Nxf5 19.Nb3 Ne3+ 20.Kf2 Nxd1+ 21.Rxd1 Kb8 22.Nc5 Qc6
23.Qb3 Ka8 24.g3 h5 25.Bd3 h4 26.g4 Qb6 27.Qxb6 axb6 28.Nb3 h3 29.Nc1 Bh4+
30.Ke3 e4 31.Bf1 f5 32.Bxh3 fxg4 33.Bxg4 f5 34.Bxf5 exf3 35.Nd3 f2 36.Bh3 Rg1
37.Bf1 Rh1 38.h3 Rg1 39.Ke2 Rf8 40.a3 Kb8 41.Rc1 Rg3 42.Rc2 Rff3 43.Nb4 Re3+
44.Kxf2 Re6 45.Bb5 Rxc3+ 46.Kg2 Rg6+ 47.Kh2 Rxc2+ 48.Nxc2 Bf2 49.Bd3 Rg7
50.Bf5 Rg3 51.b4 Rf3 52.Be6 Bh4 53.Kg1 Rf2 54.Ne3 Re2 55.Ng2 Rxe6 56.Nxh4 Rh6
57.Nf3 Rxh3 58.Kf2 Rh1 59.Ne1 Kc7 60.a4 Rh4 61.Nf3 Re4 62.Ng5 Re7 63.Kf3 Re8
64.Kf4 Kd6 65.Nf7+ Ke6 66.Ng5+ Kf6 67.Nh7+ Kg6 68.Ng5 Rf8+ 69.Kg4 Ra8 70.Ne6 Rxa4
71.Nf4+ Kf6 72.Kf3 Ra3+ 73.Ke2 Kf5 74.Nxd5 Ke4 75.Nxb6 Kxd4  0-1

[Event "zt 3.3"]
[Site "Ho Chi Minh City VIE"]
[Date "2009.07.28"]
[Round "8"]
[White "Duong The Anh"]
[Black "Laylo,D"]
[Result "0-1"]
[WhiteElo "2440"]
[BlackElo "2494"]

1.d4 Nf6 2.Bg5 d5 3.Bxf6 exf6 4.g3 Bd6 5.Bg2 O-O 6.e3 c6 7.Ne2 Nd7 8.Qd3 Qb6
9.b3 a5 10.O-O a4 11.Nd2 Qa6 12.c4 Bb4 13.Nc3 Nb6 14.Rac1 Be6 15.Ncb1 Rfd8
16.Qc2 axb3 17.axb3 Qa2 18.Qd3 Qa6 19.Qc2 g6 20.c5 Nd7 21.Nc3 Bf5 22.e4 dxe4
23.Bxe4 Be6 24.Bd3 b5 25.Nde4 f5 26.Ng5 Nf8 27.Nf3 Bxc3 28.Qxc3 Qa5 29.b4 Qa3
30.Rfd1 Qxc3 31.Rxc3 Ra4 32.Rb1 Bd5 33.Bc2 Ra7 34.Bb3 Bxf3 35.Rxf3 Rxd4 36.Re3 Kg7
37.Bd1 Ne6 38.Bf3 Ra6 39.Ree1 f4 40.Kg2 fxg3 41.hxg3 g5 42.Ra1 Rxa1 43.Rxa1 Rxb4
44.Bxc6 Nxc5 45.Ra5 Rb2 46.Rxb5 Rc2 47.Kg1 g4 48.Rb4 f5 49.Rd4 Kf6 50.Bg2 Nb3
51.Rd6+ Kg5 52.Rd7 h5 53.Rg7+ Kf6 54.Rh7 Kg6 55.Rh8 Nd4 56.Rd8 Rd2 57.Rg8+ Kh7
58.Re8 Kg7 59.Re7+ Kg6 60.Re8 Ne2+ 61.Kf1 Nc3 62.f3 Kf7 63.Re5 Kf6 64.Re8 h4
65.fxg4 hxg3 66.gxf5 Rf2+ 67.Kg1 Ne2+ 68.Kh1 Nf4 69.Rh8 Rxg2 70.Rh4 Rf2 71.Rg4 Rf1+  0-1

[Event "III Deportiva San Juan Open"]
[Site "Pamplona ESP"]
[Date "2009.07.31"]
[Round "6"]
[White "Rusev,K"]
[Black "Arnaudov,G"]
[Result "1-0"]
[WhiteElo "2543"]
[BlackElo "2443"]

1.d4 Nf6 2.Bg5 c5 3.Bxf6 gxf6 4.d5 Qb6 5.Qc1 f5 6.c4 Bh6 7.e3 f4 8.exf4 Bxf4
9.Qxf4 Qxb2 10.Ne2 Qxa1 11.Nc3 Qb2 12.d6 Nc6 13.Bd3 Nb4 14.Be4 Nc2+ 15.Kd1 Nd4
16.Qe5 O-O 17.dxe7 Ne6 18.Qf5  1-0

[Event "Czech Open A"]
[Site "Pardubice CZE"]
[Date "2009.07.31"]
[Round "8"]
[White "Sabol,M"]
[Black "Geske,J"]
[Result "0-1"]
[WhiteElo "2364"]
[BlackElo "2264"]

1.d4 Nf6 2.Bg5 g6 3.Bxf6 exf6 4.c4 h5 5.h4 Bh6 6.e3 d6 7.g3 O-O 8.Bg2 Re8
9.Nc3 f5 10.Nge2 Nd7 11.O-O Nf6 12.Nf4 c6 13.b4 Bd7 14.a4 Ng4 15.Bf3 g5 16.hxg5 Qxg5
17.Bxg4 fxg4 18.Kg2 h4 19.gxh4 Qxh4 20.Rh1 Qf6 21.Nh5 Qg6 22.Ng3 Be6 23.d5 Bd7
24.Rh5 Bg7 25.Qd2 cxd5 26.cxd5 Rac8 27.Rc1 Qf6 28.Nce2 Rxc1 29.Qxc1 Re5 30.Nf4 Rxh5
31.Ngxh5 Qc3 32.Qb1 Be5 33.b5 Qc4 34.Qd1 Bf5 35.Ng3 Qc2 36.Qe1 Be4+ 37.Kh2 Bf3
38.Kg1 Qxa4 39.Qc1 Qd1+  0-1

[Event "University of Twente YM"]
[Site "Enschede NED"]
[Date "2009.08.01"]
[Round "2"]
[White "Iotov,V"]
[Black "Otte,Mari"]
[Result "1-0"]
[WhiteElo "2603"]
[BlackElo "2298"]

1.d4 Nf6 2.Bg5 c5 3.Bxf6 exf6 4.c3 d5 5.e3 Nc6 6.Nd2 Bd6 7.Bd3 Be6 8.Qf3 O-O
9.Ne2 Qd7 10.h3 Rfe8 11.O-O Rad8 12.Ng3 Ne7 13.dxc5 Bxc5 14.Nb3 Bb6 15.Nd4 a6
16.Ngf5 Nxf5 17.Nxf5 g6 18.Nd4 Kg7 19.Rad1 Qd6 20.Ne2 Bd7 21.Nf4 Bc6 22.Qg3 Qe5
23.Bc2 Bc7 24.Bb3 b5 25.Nh5+ Kf8 26.Nxf6 Qxg3 27.fxg3 Rxe3 28.Bxd5 Kg7 29.Ng4 Rxd5
30.Nxe3 Bb6 31.Kf2 Rf5+ 32.Ke2 Re5 33.Rd4 Bxg2 34.Rff4 g5 35.Rf2 Bxh3 36.Rd3 Be6
37.Kd2 f5 38.Rf1 Kg6 39.Nc2 Bc7 40.b3 h5 41.Nd4 Bd5 42.Rxf5 Rxf5 43.Nxf5 Kxf5
44.Rxd5+ Kg4 45.Ke2 Bxg3 46.c4 bxc4 47.bxc4 h4 48.Rd4+ Bf4 49.c5 h3 50.Kf2 Kf5
51.c6 Ke6 52.Rd7 g4 53.Rg7 g3+ 54.Kf3 g2 55.Kxf4 h2 56.c7 g1=Q 57.c8=Q+ Kf6
58.Qf8+ Ke6 59.Qg8+  1-0

[Event "XXXV Open"]
[Site "Badalona ESP"]
[Date "2009.08.02"]
[Round "2"]
[White "Almeida Quintana,O"]
[Black "Lasinskas,P"]
[Result "0-1"]
[WhiteElo "2524"]
[BlackElo "2268"]

1.d4 Nf6 2.Bg5 g6 3.c4 Bg7 4.Nc3 O-O 5.e4 d6 6.h3 c6 7.Nf3 e5 8.d5 Qc7 9.Be2 a5
10.Nd2 Na6 11.g4 Ne8 12.h4 h6 13.Be3 f5 14.gxf5 gxf5 15.exf5 Bxf5 16.Nde4 Nf6
17.Ng3 Bh7 18.Qd2 Kh8 19.Rc1 Nc5 20.Rg1 Rg8 21.f3 Rae8 22.dxc6 bxc6 23.Rd1 Re6
24.Bxc5 dxc5 25.Qe3 Bf8 26.Bd3 Bxd3 27.Rxd3 Qf7 28.Rd8 Nh5 29.Nxh5 Qxh5 30.Rxg8+ Kxg8
31.Qe4 Rf6 32.Rd7 Bg7 33.Ke2 Rf4 34.Qxc6 e4 35.Qd5+ Qxd5 36.cxd5 exf3+ 37.Kf1 Bd4
38.Nb5 Rxh4 39.Nxd4 cxd4 40.Kf2 d3 41.Kxf3 Re4 42.Kxe4 d2 43.d6 d1=Q 44.Ke5 Kf8
45.Rc7 Ke8 46.b3 Kd8 47.Rf7 Qe2+ 48.Kd5 Qh5+ 49.Ke6 Qg6+ 50.Rf6 Qe4+  0-1

[Event "HZ Open"]
[Site "Vlissingen NED"]
[Date "2009.08.02"]
[Round "3"]
[White "Provoost,S"]
[Black "Ikonnikov,Vy"]
[Result "1-0"]
[WhiteElo "2265"]
[BlackElo "2556"]

1.d4 Nf6 2.Bg5 c5 3.Bxf6 gxf6 4.d5 f5 5.g3 Qb6 6.Qc1 Bg7 7.c3 d6 8.Bg2 Nd7
9.Nd2 Nf6 10.Nh3 h5 11.O-O h4 12.Nf4 hxg3 13.hxg3 Bh6 14.e3 Bd7 15.Rd1 O-O-O
16.Nc4 Qc7 17.a4 Kb8 18.Qc2 Bc8 19.a5 a6 20.b4 e5 21.dxe6 fxe6 22.Rab1 d5
23.Nb6 Bxf4 24.exf4 Ng4 25.Qe2 Rh6 26.b5 axb5 27.Rxb5 Bd7 28.Nxd7+ Rxd7 29.f3 Nf6
30.Qxe6 Rd6 31.Qxf5 Ka7 32.g4 Rh8 33.g5 Nd7 34.Rxd5 Rf8 35.Qd3 Rxd5 36.Qxd5 Rxf4
37.g6 Rh4 38.f4 Rxf4 39.Rxb7+  1-0

[Event "Open"]
[Site "Kavala GRE"]
[Date "2009.08.03"]
[Round "4"]
[White "Papadakis,M"]
[Black "Hunt,A"]
[Result "0-1"]
[WhiteElo "2123"]
[BlackElo "2428"]

1.d4 Nf6 2.Bg5 c5 3.Bxf6 gxf6 4.d5 Qb6 5.Qc1 f5 6.c4 Bh6 7.e3 f4 8.exf4 Bxf4
9.Qxf4 Qxb2 10.Ne2 Qxa1 11.Nc3 d6 12.Qd2 Rg8 13.g3 a6 14.Bd3 b5 15.cxb5 axb5
16.Bxb5+ Bd7 17.Bc4 Bh3 18.f4 Nd7 19.Kf2 Nb6 20.Bb5+ Bd7 21.Qe2 Nxd5 22.Bxd7+ Kxd7
23.Qb5+ Kc8 24.Re1 Nc7 25.Qd3 Qb2+ 26.Re2 Qb4 27.Qxh7 Qd4+ 28.Kg2 Rg7 29.Qc2 Nd5
30.Kh1 Ne3 31.Qc1 Nf5 32.Qe1 Kd7 33.Re4 Qd3 34.Ra4 Rxa4  0-1